Central Library OPAC University of Rajshahi

Lectures on the electrical properties of materials / (Record no. 67706)

MARC details
000 -LEADER
fixed length control field 01144nam a2200337 a 4500
001 - CONTROL NUMBER
control field 67706
003 - CONTROL NUMBER IDENTIFIER
rucl marc code BD-RjUL
005 - DATE AND TIME OF LATEST TRANSACTION
control field 20211209081702.0
008 - FIXED-LENGTH DATA ELEMENTS--GENERAL INFORMATION
fixed length control field 170328s1993 enka b 001 0 eng
020 ## - INTERNATIONAL STANDARD BOOK NUMBER
International Standard Book Number 0198562810 :
Terms of availability 60.00
International Standard Book Number 0198562802 (pbk.) :
Terms of availability 35.75
035 ## - SYSTEM CONTROL NUMBER
System control number (BD-RjUL)67915
040 ## - CATALOGING SOURCE
Original cataloging agency DLC
Transcribing agency DLC
Modifying agency IAY
-- MYG
-- BD-RjUL
Language of cataloging eng
041 ## - LANGUAGE CODE
Language code of text/sound track or separate title eng
082 ## - DEWEY DECIMAL CLASSIFICATION NUMBER
Edition number 23
Classification number 620.11297
Author mark and year SOL 1993
090 ## - LOCALLY ASSIGNED LC-TYPE CALL NUMBER (OCLC); LOCAL CALL NUMBER (OCLC)
Classification number (OCLC) (R) ; Classification number, CALL (RLIN) (NR) QC176.8.E35
Local cutter number (OCLC) ; Book number/undivided call number, CALL (RLIN) S692 1993
099 ## - LOCAL FREE-TEXT CALL NUMBER (OCLC)
Bangla Class number QC176.8.E35.S692 1993
100 1# - MAIN ENTRY--PERSONAL NAME
Personal name Solymar, L.
Fuller form of name (Laszlo)
9 (RLIN) 200734
245 10 - TITLE STATEMENT
Title Lectures on the electrical properties of materials /
Statement of responsibility, etc. L. Solymar and D. Walsh.
250 ## - EDITION STATEMENT
Edition statement 5th ed.
260 ## - PUBLICATION, DISTRIBUTION, ETC. (IMPRINT)
Place of publication, distribution, etc. New York :
Name of publisher, distributor, etc. Oxford University Press,
Date of publication, distribution, etc. 1993.
300 ## - PHYSICAL DESCRIPTION
Pagination xiv, 482 p. :
Illustrations ill. ;
Size 25 cm.
504 ## - BIBLIOGRAPHY, ETC. NOTE
Bibliography, etc Includes bibliographical references (p. [469]-470) and index.
650 #0 - SUBJECT ADDED ENTRY--TOPICAL TERM
Topical term or geographic name as entry element Solids
General subdivision Electric properties.
9 (RLIN) 158943
Topical term or geographic name as entry element Materials
General subdivision Electric properties.
9 (RLIN) 200735
Topical term or geographic name as entry element Energy-band theory of solids.
9 (RLIN) 117118
Topical term or geographic name as entry element Free electron theory of metals.
9 (RLIN) 200736
700 1# - ADDED ENTRY--PERSONAL NAME
Personal name Walsh, D.
Fuller form of name (Donald)
942 ## - ADDED ENTRY ELEMENTS (KOHA)
Source of classification or shelving scheme Dewey Decimal Classification
Koha item type Books
949 ## - LOCAL PROCESSING INFORMATION (OCLC)
a MYGE
b 39080008635309
Holdings
Lost status Source of classification or shelving scheme Damaged status Not for loan Collection code Permanent Location Current Location Shelving location Date acquired Source of acquisition Cost, normal purchase price Total Checkouts Full call number Date last seen Copy number Koha item type
  Dewey Decimal Classification   Not For Loan Non-fiction Central Library, University of Rajshahi Central Library, University of Rajshahi Reading Room 11/11/1996 Dhaka Progan Enterprise 150.00   620.11297 SOL 1993 28/03/2017 C-1 Books